Cestovanie a informačné technológie bakalárska práca

Gespeichert in:
Bibliographische Detailangaben
1. Verfasser: Galisová, Michaela
Körperschaft: Obchodná fakulta EU. Katedra informatiky obchodných firiem
Weitere Verfasser: Červenka, Peter, 1976-
Format: Buch
Sprache:Slowakisch
Veröffentlicht: Bratislava 2012
Tags: Tag hinzufügen
Keine Tags, Fügen Sie das erste Tag hinzu!

MARC

LEADER 00000nbm a2200000 4500
001 0154332
005 20161109111836.3
041 0 |a slo 
044 |a SK 
245 1 0 |a Cestovanie a informačné technológie  |b bakalárska práca  |c Michaela Galisová ; školiteľ: Peter Červenka 
264 1 |a Bratislava  |c 2012 
300 |a 39 s. 
100 1 |a Galisová, Michaela 
700 1 |a Červenka, Peter, 1976- 
710 2 |a Obchodná fakulta EU. Katedra informatiky obchodných firiem